000
00227 a2200097 4500
001
14528
100
_a
Muhammad Saddiqu
245
_a
Hazrat Data Gung Bu
260
_a
Lahore
_b
Sang-e-Meel Publications
_c
090
_c
11357
_d
11357
942
_a
NUST-CAE
_c
M
_c
1511
999
_c
249601
_d
249601